000 00735nam a2200217 a 4500
005 20240615063640.0
008 081119s2005 mx r 000 0 spa d
020 _a9688535869
035 _aUPN01000168017
049 _aCG
050 4 _aRC516
_bM5.7
100 1 _aMiklowitz, David J.,
_d1957-
245 1 3 _aEl trastorno bipolar :
_buna guía práctica para familias y pacientes /
_cDavid J. Miklowitz ; tr. Genís Sánchez Barberán.
260 _aMéxico :
_bPaidós,
_cc2005.
300 _a436 p.
440 0 _aDivulgación/Autoayuda ;
_v216
534 _pTitulo original:
_tThe bipolar disorder survival guide
650 4 _aENFERMEDAD MANIACO-DEPRESIVA
_914795
650 2 _aTrastornos de la conducta
_912938
905 _aLibro
999 _c140126
_d140126